MDQL
is popping MORE tags! Check the
thread
!
Quizzes
Events
Quiz Creation
Community
Videos
Private Events
Remove Ads
Sign In
Join for FREE
Feedback
Dark Mode
Quiz Categories
Sports
Geography
Music
Movies
Television
Just For Fun
Miscellaneous
History
Literature
Language
Science
Gaming
Entertainment
Religion
Holiday
For Kids
Quiz Lab
Recent
Popular Today
Quiz Kudos Today
Editor Picks
Curator Picks
Quizzes by...
Day
Popularity
Type
Ratings
Length
Year
Community
Subscriptions
Recent Discussions
Orange Saloon
Badges
Playlists
Quests
Create
Leaderboards
Showdown
Live 5
Trivia Bingo
Activity
Puzzle Library
Sporcle Events
Private Events
Virtual Trivia
Globe League
Become a Host
Pub Owners
SporcleCon
Opinionation
Our Games
Videos
Blog
Mobile Apps
Partnerships
Remove Ads and Go Orange
Feedback
Music
Pop Music
The Beatles
Song
Album
Lyrics
Bands
Singers
Artist
Clip
Rock
Rap
Classical
Billboard
Country Music
Kpop
Taylor Swift
Music
Pop Music
The Beatles
Song
Album
Lyrics
Bands
Singers
Artist
Clip
Rock
Rap
Classical
Billboard
Country Music
Kpop
Taylor Swift
Random Quiz
Search Sporcle
×
Quiz Lab
Quiz Lab
Music
Classical
Type in answers that appear in a list
Type in answers that appear in a list
Classic
Best Score? Go Orange.
Classical Composers 2 (clips) Stats
Can you name the classical composers from the clips?
By
nbatchelor
9m
22 Questions
2,629 Plays
2,629 Plays
2,629 Plays
Comments
Comments
Give Quiz Kudos
Give Quiz Kudos
-
- Ratings
hide this ad
More Info
Forced Order
Answers have to be entered in order
Answers have to be entered in order
Replay
Link that replays current quiz
Next Quiz
Link to next quiz in quiz playlist
You Got
0%
They Got
Avg Score
48%
Avg Friend Score
Upgrade to see
Score Distribution
Jump to the score distribution portion of the page
Score
0/22
Timer
09:00
0
Plays Today
Time
Composer
% Correct
0:00
Richard Wagner - Act III - The Valkyries
91.3%
0:10
Antonio Vivaldi - Allegro from Spring
90.9%
1:27
Edvard Grieg - In the Hall of the Mountain King from Peer Gynt
77.1%
1:05
Georg Händel - 'And the Glory of the Lord' from The Messiah
72.7%
3:29
Johann Strauss Jr - On the Beautiful Blue Danube
70.1%
4:00
Pyotr Tchaikovsky - 1812 Overture
68%
4:37
Ludwig von Beethoven - Allegro energico, sempre ben marcato from Symphony no. 9
67%
0:19
Georges Bizet - Toreador Song from Carmen
65.5%
2:43
George Gershwin - 'I got plenty of nothing' from Porgy and Bess
61.8%
3:14
Bedřich Smetana - Moldau from Má vlast
45.2%
0:58
Paul Dukas - The Sorcerer's Apprentice
44.6%
Time
Composer
% Correct
0:41
Johannes Brahms - Denn alles Fleisch, es ist wie Gras from A German Requiem
41.2%
4:14
Joseph Haydn - Moderato from Cello Concerto no. 1
39%
2:57
Franz Schubert - Allegro moderato from Symphony no. 8
36.1%
1:50
Sergei Prokofiev - Kijé's Wedding from Lieutenant Kijé Suite
31.9%
2:31
Leonard Bernstein - Profanation from Jeremiah Symphony
29.4%
1:15
Gustav Mahler - Veni, Creator Spiritus from Symphony no. 8
27.8%
0:29
Gabriel Fauré - Pavane
27.7%
2:07
Joaquín Rodrigo - Adagio from Concierto de Aranjuez
23.8%
3:45
Traditional / Percy Grainger (arranger) Londonderry Air
22.9%
2:17
Ottorino Respighi - Pines of the Appian Way from Pines of Rome
20.3%
4:27
PDQ Bach/ Peter Schickele - As Hyperion from Iphigenia in Brooklyn
13%
Quiz Playlist
Details
Report
Send in Message
Add To Playlist
More Info:
Just need the last name of the composer.
Classic:
Type in answers that appear in a list
Forced Order:
Answers have to be entered in order
Quiz Source
Last Updated: Feb 16, 2017
Quiz Scoreboard
CHALLENGE
Sign Up to Join the Scoreboard
Show All
Scores
Hide
Comments
May contain spoilers
Recently Published
Find the 'City' Movie
by crazypaving
Movies
60s
5x2 Blitz: Bands
by SL_Kpop136
Music
30s
Colored Red Africa Blitz
by spor1
Geography
30s
More to Explore
Quiz From the Vault
Featured Blog Post
14 Easter Pick-up Lines to Find Eggs With
hide this ad
You Might Also Like...
Tags
Classical Quiz
Clip Quiz
Audio Quiz
Composer
Nationality
Today's Top Quizzes in Music
Browse Music
hide this ad
Today's Top Quizzes in Classical
Browse Classical
Top Contributed Quizzes in Music
1
5X2 Blitz: Bands II
2
Taylor Swift Logic Puzzle II
3
Taylor Swift All Songs (2024)
4
5X2 Blitz: The Beatles
5
5X2 Blitz: Billboard
6
5X2 Blitz: Singers
7
5X2 Blitz: Album
8
5X2 Blitz: Rock
9
Music Artist by Three 2010s hits
10
5X2 Blitz: Billboard II
Explore More
Trending Topics
Anime
Crossword
Harry Potter
Kpop
Marvel
NBA
Disney
Pokémon
Country
The Office
Soccer
WWE
NFL
Puzzle
Song
hide this ad
More By:
nbatchelor
Quiz
Plays
Rating
Category
Featured
Created
Anthony Bourdain: No Reservations
4,524
4.82
Television
Apr 2, 2010
MLB World Series Host Cities
3,090
3.20
Sports
Nov 5, 2009
Classical Composers IV (clips)
2,313
4.94
Music
Dec 13, 2011
College Stadiums by Elevation
1,626
4.75
Sports
Sep 13, 2010
Minnesota Historical Population
801
4.38
Geography
Dec 10, 2009
Go to Creator's Profile
Score Distribution
Quiz Creator Spotlight
nbatchelor
Follow
Send a Message
Quizzes Created
-
Created Quiz Play Count
-
More By This Creator
Popular Quizzes Today
1
Colored Red Africa Blitz
2
Find the 'City' Movie
3
5x2 Blitz: Bands
4
Find the US States - No Outlines Minefield
5
The Countries of the World
6
Find the US States
7
US States
8
9x9 Crossword: Cartoon Network
More Music Quizzes
Imagine Dragons Songs by Album
Quiz Lab
Trending Quizzes
Colored Red Europe Blitz I
Colored Red Africa Blitz II
Colored Red Africa Blitz III
Colored Red Europe Blitz III
Colored Red Europe Blitz II
Recently Updated
Champions League XIs: Real Madrid
pecheneg
Largest US Cities 1790-2010
pecheneg
Rides in Walt Disney World
pecheneg
Most Oscar Losses (Acting)
pecheneg
Beyoncé Albums
pecheneg
Leaping Animals
pecheneg
Reality TV Shows (A-Z)
bhenderson79
Rickey Henderson's Hall of Fame Teammates
pecheneg
Champions League XIs: Arsenal
pecheneg
Quick Pick: Celebrities in WWE's Hall of Fame
aduchscher
Trending Topics
Kpop
Anime
Marvel
Disney
Crossword
NBA
Harry Potter
WWE
Pokémon
Country
Puzzle
Soccer
Song
NFL
The Office
Your Account Isn't Verified!
In order to create a playlist on Sporcle, you need to verify the email address you used during registration. Go to your
Sporcle Settings
to finish the process.
Report this User
Report this user for behavior that violates our
Community Guidelines
.
Details:
Send Report
Go to the Sporcle.com Mobile Site →
Comments